Στη Μεσόγειο, η Φύση Χαρίζει (Record no. 9418)
[ view plain ]
| 000 -LEADER | |
|---|---|
| fixed length control field | 01026cam a22001934a 4500 |
| 005 - ΗΜΕΡΟΜΗΝΙΑ ΚΑΙ ΩΡΑ ΤΕΛΕΥΤΑΙΑΣ ΕΝΗΜΕΡΩΣΗΣ | |
| Πεδίο ελέγχου | 20250605164400.0 |
| 008 - FIXED-LENGTH DATA ELEMENTS--GENERAL INFORMATION | |
| Πεδίο ελέγχου σταθερού μήκους | 250528s ||||||||||||||||||||||||d |
| 035 ## - SYSTEM CONTROL NUMBER | |
| System control number | 24541 |
| 040 ## - ΠΗΓΗ ΚΑΤΑΛΟΓΟΓΡΑΦΗΣΗΣ | |
| Φορέας πρωτότυπης καταλογογράφησης | MC Athens Campus Library |
| Γλώσσα καταλογογράφησης | Ελληνικά, Μοντέρνα (1453-) |
| Modifying agency | MC Athens Campus Library |
| Κανόνες περιγραφικής καταλογογράφησης | AACR2 |
| 245 1# - ΤΙΤΛΟΣ ΚΑΙ ΔΗΛΩΣΗ ΥΠΕΥΘΥΝΟΤΗΤΑΣ | |
| Τίτλος | Στη Μεσόγειο, η Φύση Χαρίζει |
| 260 ## - PUBLICATION, DISTRIBUTION, ETC. | |
| Date of publication, distribution, etc. | 2013 |
| 300 ## - PHYSICAL DESCRIPTION | |
| Extent | 34 |
| 520 ## - SUMMARY, ETC. | |
| Summary, etc. | Έρχεται η Ώρα του Γραμματόσημου, Αποτελεσματικότητα και Αυτοματοποίηση και Data Skills Αλλάζουν το 'Παιχνίδι', Creative Media και Engagement τα Νέα Ζητούμενα από τους Marketers, Οι Νέες Ευκαιρίες Φέρνουν Νέους 'Παίκτες', Υπάρχει Επιτυχία Χωρίς Διαφήμιση, Μια 'Πράσινη' Ιστορία Ζωής και Επιχειρηματικού Δαιμονίου. |
| 700 1# - ΠΡΟΣΘΕΤΗ ΑΝΑΓΡΑΦΗ--ΦΥΣΙΚΟ ΠΡΟΣΩΠΟ | |
| Personal name | Κορδελάς Δημήτρης |
| 9 (RLIN) | 9464 |
| 710 2# - ΠΡΟΣΘΕΤΗ ΑΝΑΓΡΑΦΗ--ΣΥΛΛΟΓΙΚΟ ΟΡΓΑΝΟ | |
| Corporate name or jurisdiction name as entry element | The Marketing Week |
| 9 (RLIN) | 9825 |
| 942 ## - ADDED ENTRY ELEMENTS (KOHA) | |
| Koha item type | Περιοδικά Δημοσιεύματα |
| Τύπος τεκμηρίου | Βιβλιοθήκη | Τρέχουσα τοποθεσία | Barcode | Ημερομηνία απόκτησης | Ταξιθετικό σύμβολο | Αριθμός αντιτύπου | Αρίθμηση σειρών / χρονολογία | Κατάσταση απόσυρσης | Κατάσταση χαμένου | Κατάσταση κατεστραμμένου | Μη δανεισμός | Σύνολο δανεισμών | Ημερομηνία τελευταίας εμφάνισης | Η τιμή ισχύει από |
|---|---|---|---|---|---|---|---|---|---|---|---|---|---|---|
| Περιοδικά Δημοσιεύματα | MC Athens Campus Library | MC Athens Campus Library | 9780000094179 | 05/06/2025 | MARKETING WEEK | 1 | 1421 | 05/06/2025 | 05/06/2025 |